000 00548nam a2200205Ia 4500
003 GCL
008 140319s9999 xx 000 0 eng d
040 _aGCL /
_cGCL
082 0 4 _a610.025
_bD G
100 1 _aDAMBRO, MARK R
245 1 0 _aGRIFFITH'S 5 MINUTE CLINICAL CONSULT /
_cDAMBRO, MARK R
700 1 _aGRIFFITH, JO A
260 _a[S.N] :
_bWILLIAMS & WILKINS ،
_c1997
300 _a1309 P
650 0 4 _aMEDICAL CARE
650 0 4 _aHEALTH CARE
650 0 4 _aMEDICAL SERVICES
650 0 4 _aPERSONAL HEALTH SERVICES
942 _2ddc
_cBK
999 _c16066
_d16066